000 00276nam a22001217a 4500
008 180911b xxu||||| |||| 00| 0 eng d
041 _aeng
080 _23 ED
_a612
100 _a4
101 _aSHM
245 _aMagnetic Resonance Imaging
_cBuschong S.C
942 _2udc
_cBK
999 _c47646
_d47646